Marcatori dell'Argentina ai Mondiali - Germania 2006 - Statistics

Statistiche generali
  • Questo quiz è stato fatto 8 volte
  • Il punteggio medio è 7 su 11
Statistiche sulle risposte
Partita Minuto Marcatore % Corretto
Argentina - Costa d'Avorio 2-1 24' Hernán Crespo
86%
Argentina - Serbia e Montenegro 6-0 78' Hernán Crespo
86%
Argentina - Messico 2-1 (d.t.s.) 10' Hernán Crespo
86%
Argentina - Serbia e Montenegro 6-0 88' Lionel Messi
86%
Argentina - Serbia e Montenegro 6-0 84' Carlos Tévez
57%
Argentina - Serbia e Montenegro 6-0 6' Maxi Rodríguez
57%
Argentina - Serbia e Montenegro 6-0 41' Maxi Rodríguez
57%
Argentina - Messico 2-1 (d.t.s.) 98' Maxi Rodríguez
57%
Germania - Argentina 5-3 (d.c.r.) 49' Roberto Ayala
43%
Argentina - Serbia e Montenegro 6-0 31' Esteban Cambiasso
29%
Argentina - Costa d'Avorio 2-1 38' Javier Saviola
29%
Nessun quiz corrispondente trovato
Distribuzione punteggi
Percentuale di utenti per punteggio
Percentile per numero di risposta
I tuoi punteggi nel tempo
Non hai fatto questo quiz